Primer viaje del Rey Chulalongkorn a Europa en 1897 (Record no. 161465)
[ view plain ]
| 000 -LEADER | |
|---|---|
| campo de control de longitud fija | 00929nam a22002175i 4500 |
| 001 - NÚMERO DE CONTROL | |
| campo de control | 161465 |
| 003 - IDENTIFICADOR DE NÚMERO DE CONTROL | |
| campo de control | ES-MaACL |
| 005 - FECHA Y HORA DE LA ÚLTIMA TRANSACCIÓN | |
| campo de control | 20251013181508.0 |
| 008 - DATOS DE LONGITUD FIJA--INFORMACIÓN GENERAL | |
| campo de control de longitud fija | 140305s2003 th a |||| | spa d |
| 080 ## - NÚMERO DE LA CLASIFICACIÓN DECIMAL UNIVERSAL | |
| Número de la Clasificación Decimal Universal | 974-13-2798-6 |
| 245 00 - MENCIÓN DEL TÍTULO | |
| Título | Primer viaje del Rey Chulalongkorn a Europa en 1897 |
| Resto del título | recopilacion de las cartas reales y de los documentos relacionados con este viaje del Rey Chulalongkorn. |
| 260 ## - PUBLICACIÓN, DISTRIBUCIÓN, ETC. | |
| Lugar de publicación, distribución, etc. | Bangkok : |
| Nombre del editor, distribuidor, etc. | Centre for European Studies at Chulalongkorn University, |
| Fecha de publicación, distribución, etc. | 2003. |
| 300 ## - DESCRIPCIÓN FÍSICA | |
| Extensión | 270 p., CXIII : |
| Otras características físicas | il. ; |
| Dimensiones | 30 cm. |
| 651 #4 - PUNTO DE ACCESO ADICIONAL DE MATERIA--NOMBRE GEOGRÁFICO | |
| Nombre geográfico | Tailandia- |
| Subdivisión general | Relaciones- |
| Subdivisión geográfica | Europa. |
| 9 (RLIN) | 154467 |
| 651 #4 - PUNTO DE ACCESO ADICIONAL DE MATERIA--NOMBRE GEOGRÁFICO | |
| Nombre geográfico | Europa- |
| Subdivisión general | Relaciones- |
| Subdivisión geográfica | Tailandia. |
| 9 (RLIN) | 154468 |
| 700 1# - ENTRADA AGREGADA--NOMBRE PERSONAL | |
| Nombre de persona | Chulalongkorn, Rey de Tailandia, |
| Fechas asociadas al nombre | 1853-1910 |
| 9 (RLIN) | 154466 |
| 852 ## - LOCALIZACIÓN | |
| Ubicación | ES-MaACL |
| Número de control de estantería | A-13039 |
| itemnumber | 167515 |
| Sublocalización o colección | R.149772 |
| Ubicación en estantería | Depósito 1 |
| Signatura antigua | Olim: N-6039 |
| Donativo/Legado | Donación: Real Academia Española |
| 914 ## - NOMBRE ENTIDAD DE DONANTE | |
| RLIN | 6336 |
| Nombre de congreso/reunión o jurisdicción como elemento de entrada | Real Academia Española |
| Unidad subordinada | Donante |
| 942 ## - ELEMENTOS DE ENTRADA SECUNDARIOS (KOHA) | |
| Fuente del sistema de clasificación o colocación | Clasificación decimal universal |
| Tipo de ítem Koha | Libro impreso |
| Estatus retirado | Estado de pérdida | Fuente del sistema de clasificación o colocación | Estado de daño | No para préstamo | Biblioteca de origen | Biblioteca actual | Ubicación en estantería | Fecha de adquisición | Fuente de adquisición | Total de préstamos | Signatura topográfica completa | Código de barras | Visto por última vez | Precio de reemplazo | Tipo de ítem Koha |
|---|---|---|---|---|---|---|---|---|---|---|---|---|---|---|---|
| Clasificación decimal universal | Biblioteca del Ateneo de Madrid | Biblioteca del Ateneo de Madrid | Depósito 1 | 17/01/2008 | Donación | A-13039 | 1169129 | 23/02/2023 | 23/02/2023 | Libro impreso |
